Les samedis littéraires / (Record no. 60014)

MARC details
000 -LEADER
campo de control de longitud fija 00438nam a2200157 i 4500
001 - NÚMERO DE CONTROL
campo de control 60014
003 - IDENTIFICADOR DE NÚMERO DE CONTROL
campo de control ES-MaACL
007 - CAMPO FIJO DE DESCRIPCIÓN FÍSICA--INFORMACIÓN GENERAL
campo de control de longitud fija t|
008 - DATOS DE LONGITUD FIJA--INFORMACIÓN GENERAL
campo de control de longitud fija 031031s1903 fr ||||1| fre d
100 1# - ENTRADA PRINCIPAL--NOMBRE DE PERSONA
Nombre de persona Ernest-Charles, J.
9 (RLIN) 47414
245 14 - MENCIÓN DEL TÍTULO
Título Les samedis littéraires /
Mención de responsabilidad, etc. J. Ernest-Charles.
260 ## - PUBLICACIÓN, DISTRIBUCIÓN, ETC.
Lugar de publicación, distribución, etc. París :
Nombre del editor, distribuidor, etc. [s.n.,
Fecha de publicación, distribución, etc. 1903] (
Lugar de fabricación/manufactura Tours :
Fabricante Deslis Frères)
300 ## - DESCRIPCIÓN FÍSICA
Extensión 5 v. ;
Dimensiones 19 cm.
500 ## - NOTA GENERAL
Nota general Falta el v.2.
852 ## - LOCALIZACIÓN
Ubicación ES-MaACL
Número de control de estantería G-14647-50
Holdings
Estatus retirado Estado de pérdida Estado de daño No para préstamo Biblioteca de origen Biblioteca actual Ubicación en estantería Fecha de adquisición Fuente de adquisición Total de préstamos Signatura topográfica completa Código de barras Visto por última vez Precio de reemplazo Tipo de ítem Koha
        Biblioteca del Ateneo de Madrid Biblioteca del Ateneo de Madrid Sala Pecera Planta 3 17/01/2008     G-14647-50 1062942 23/02/2023 23/02/2023 Libro impreso